000 00699nam a2200277Ia 4500
005 20260324134212.0
008 008 260324s9999 xx 000 0 eng d
020 _a9781003192695
037 _aEBOOK
040 _aCRL
040 _beng
040 _cCRL
041 _2eng
041 _aeng
084 _qCRL
100 _aJames Epstein; Michael T Davis; Mary Thale; Jack Fruchtman Jr
_91195958
245 4 _aThe London Corresponding Society, 1792-1799 Vol 6
260 _bTaylor and Francis
260 _c2002
365 _a
365 _b220
856 _uhttp://www.taylorfrancis.com/books/9781003192695
942 _cEBOOK
999 _c1795763
_d1795763